| 000 | 00576nam a2200205Ia 4500 | ||
|---|---|---|---|
| 005 | 20250507130354.0 | ||
| 008 | 008 250505s9999 xx 000 0 eng d | ||
| 020 | _a0-19-569709-X | ||
| 037 | _aAnnuals, Advances | ||
| 040 |
_aEASL _beng _cEASL |
||
| 041 |
_aeng _2eng |
||
| 084 |
_aX.2, P8 _qEASL |
||
| 100 |
_aPanagariya Arvind Au. _9307008 |
||
| 245 | 0 | _aIndia : The Emerging Giant | |
| 260 |
_aUK _bOxford Oxford University Press _c2008 |
||
| 300 | _axxx,514p. | ||
| 365 |
_aRs. _b695 |
||
| 942 |
_cTEXL _hX.2, P8 |
||
| 999 |
_c1319305 _d1319305 |
||